[Event "Polofinale MCR junioru 2013"]
[Site "Havlickuv Brod - hotel Slunce"]
[Date "2013.11.21"]
[Round "6.3"]
[White "Haman, Jakub"]
[Black "Rubes, Jan"]
[Result "1/2-1/2"]
[WhiteElo "2182"]
[BlackElo "2142"]
[PlyCount "40"]
[EventDate "2013.11.17"]

1. e4 e5 2. Nf3 d6 3. d4 Nd7 4. Nc3 Ngf6 5. Bc4 Be7 6. O-O O-O 7. Re1 c6 8. a4
b6 9. b3 a6 10. Bb2 Bb7 11. Bf1 Qc7 12. g3 b5 13. Bg2 b4 14. Nb1 c5 15. dxe5
Nxe4 16. Nbd2 Nxd2 17. Qxd2 Nxe5 18. Nxe5 Bxg2 19. Kxg2 dxe5 20. Bxe5 Qc6+
1/2-1/2

[Event "Polofinale MCR junioru 2013"]
[Site "Havlickuv Brod - hotel Slunce"]
[Date "2013.11.21"]
[Round "6.4"]
[White "Vykouk, Jan"]
[Black "Szotkowski, Jakub"]
[Result "1-0"]
[WhiteElo "2090"]
[BlackElo "2183"]
[PlyCount "79"]
[EventDate "2013.11.17"]

1. e4 c5 2. Nf3 e6 3. d4 cxd4 4. Nxd4 a6 5. Bd3 Nc6 6. Nxc6 dxc6 7. O-O e5 8.
b3 Nf6 9. Bb2 Qc7 10. Nd2 Bg4 11. Be2 Be6 12. Bc4 Bg4 13. Be2 Bxe2 14. Qxe2 Nd7
15. Qg4 h5 16. Qg5 Be7 17. Qxg7 Bf6 18. Qg3 O-O-O 19. Rad1 h4 20. Qf3 b5 21. a4
Kb7 22. axb5 axb5 23. b4 Be7 24. Bc3 f6 25. Nb3 Nb6 26. Rxd8 Rxd8 27. Rd1 Nc4
28. h3 Rxd1+ 29. Qxd1 Bd6 30. Nd2 Nb6 31. Nf3 Qe7 32. Nxh4 Bxb4 33. Nf5 Qc5 34.
Bxb4 Qxb4 35. h4 Ka6 36. f3 Nc4 37. h5 Qc3 38. Kf2 Ne3 39. Qd3 Qxd3 40. cxd3
1-0

[Event "Polofinale MCR junioru 2013"]
[Site "Havlickuv Brod - hotel Slunce"]
[Date "2013.11.21"]
[Round "6.5"]
[White "Machan, Jan"]
[Black "Toman, Ondrej"]
[Result "1/2-1/2"]
[WhiteElo "2144"]
[BlackElo "2080"]
[PlyCount "64"]
[EventDate "2013.11.17"]

1. d4 c5 2. d5 e5 3. c4 d6 4. e4 f5 5. exf5 Bxf5 6. Nc3 Nf6 7. Nge2 Be7 8. Ng3
Qd7 9. Nxf5 Qxf5 10. Bd3 Qh5 11. O-O Nbd7 12. a3 a6 13. Qxh5+ Nxh5 14. g3 g6
15. Be3 O-O 16. b4 b6 17. Rab1 Rab8 18. Ne4 Kg7 19. Be2 h6 20. Bxh5 gxh5 21. f4
Nf6 22. Nxf6 Bxf6 23. fxe5 Bxe5 24. Rxf8 Rxf8 25. bxc5 bxc5 26. Rb7+ Kg6 27.
Kg2 Kf5 28. Kf3 Kg6+ 29. Kg2 Kf5 30. Kf3 Kg6+ 31. Ke2 Kf5 32. Kf3 Kg6+ 1/2-1/2

[Event "Polofinale MCR junioru 2013"]
[Site "Havlickuv Brod - hotel Slunce"]
[Date "2013.11.21"]
[Round "6.6"]
[White "Starek, Stanislav"]
[Black "Chmel, Kristian"]
[Result "1/2-1/2"]
[WhiteElo "2135"]
[BlackElo "2002"]
[PlyCount "48"]
[EventDate "2013.11.17"]

1. d4 Nf6 2. c4 e6 3. Nc3 Bb4 4. Qc2 c5 5. e3 O-O 6. Bd3 b6 7. Nge2 Bb7 8. O-O
cxd4 9. exd4 Be7 10. Bf4 a6 11. d5 Re8 12. Rad1 d6 13. dxe6 fxe6 14. Ne4 Bxe4
15. Bxe4 Ra7 16. Bf3 Rc7 17. Qb3 Nbd7 (17... Nfd7 18. Nc3 Nc5 19. Qc2 Kh8 20.
Rfe1 Bf8 21. Bg5 Qxg5 (21... Qd7)) (17... Nc6 18. Nc3) 18. Nc3 Nc5 19. Qc2 Kh8
20. Rfe1 Bf8 21. Bg5 Rf7 (21... Qd7 22. Bxf6 gxf6 23. Qe2 Rb8 24. b4) (21...
Qe7 22. Bxf6 gxf6 23. Qe2 Rb8 24. b4 Nd7 25. Qxe6 Qxe6 26. Rxe6) 22. Bxf6 gxf6
23. Qe2 Rb7 24. b4 Nd7 1/2-1/2

[Event "Polofinale MCR junioru 2013"]
[Site "Havlickuv Brod - hotel Slunce"]
[Date "2013.11.21"]
[Round "6.7"]
[White "Hrdina, Robin"]
[Black "Kraus, Tomas"]
[Result "0-1"]
[WhiteElo "2080"]
[BlackElo "2346"]
[PlyCount "54"]
[EventDate "2013.11.17"]

1. e4 c5 2. Nf3 d6 3. Bb5+ Nd7 4. O-O Ngf6 5. Re1 a6 6. Bf1 b6 7. c3 Bb7 8. d3
g6 9. g3 Bg7 10. Bg2 O-O 11. Nbd2 Qc7 12. Qc2 b5 13. Nf1 Rac8 14. Bd2 Bc6 15.
Rad1 Qb7 16. Nh4 e5 17. c4 Rfe8 18. b3 Nf8 19. Ne3 Ne6 20. Nd5 Nd4 21. Qc1 bxc4
22. bxc4 Nxd5 23. cxd5 Ba4 24. Bh6 Bxd1 25. Bxg7 Ne2+ 26. Rxe2 Bxe2 27. Bf6 Rb8
0-1

[Event "Polofinale MCR junioru 2013"]
[Site "Havlickuv Brod - hotel Slunce"]
[Date "2013.11.21"]
[Round "6.8"]
[White "Kratochvil, Vit"]
[Black "Rabatin, Jakub"]
[Result "0-1"]
[WhiteElo "2040"]
[BlackElo "2243"]
[PlyCount "80"]
[EventDate "2013.11.17"]

1. e4 c5 2. Nf3 Nc6 3. c4 Nd4 4. Nc3 g6 5. Nxd4 cxd4 6. Ne2 Bg7 7. d3 e6 8. g3
Ne7 9. Bg2 O-O 10. O-O d6 11. Bd2 e5 12. b4 Be6 13. a4 Qd7 14. Qb3 Rac8 15. Kh1
f5 16. f3 Kh8 17. b5 Ng8 18. Bb4 Rf7 19. Qa3 Bf8 20. Rac1 Nf6 21. a5 fxe4 22.
fxe4 Ng4 23. Rxf7 Bxf7 24. Rf1 Ne3 25. Rf2 Nc2 26. Qb2 Nxb4 27. Qxb4 d5 28. Qe1
dxc4 29. Qf1 Kg8 30. Bh3 Be6 31. Bxe6+ Qxe6 32. Rf6 Qe7 33. dxc4 Bg7 34. Rf3
Qe6 35. Qb1 Qxc4 36. Rd3 Rc5 37. b6 a6 38. Rd2 Bh6 39. Rb2 d3 40. Ng1 Qxe4+ 0-1

[Event "Polofinale MCR junioru 2013"]
[Site "Havlickuv Brod - hotel Slunce"]
[Date "2013.11.21"]
[Round "6.9"]
[White "Kozel, Jiri"]
[Black "Seidl, Stepan"]
[Result "1-0"]
[WhiteElo "2014"]
[BlackElo "2212"]
[PlyCount "62"]
[EventDate "2013.11.17"]

1. e4 e5 2. Nf3 Nc6 3. Bb5 Nf6 4. O-O Nxe4 5. d4 Nd6 6. Bxc6 dxc6 7. Nxe5 Nf5
8. c3 Bd6 9. Re1 Be6 10. b3 Qf6 11. Nd2 O-O-O 12. Ne4 Qe7 13. Ng5 h6 14. Nxe6
Qxe6 15. Bf4 Bxe5 (15... Bxe5 16. Rxe5 Qe7 17. Qg4 g6 18. Rae1 b6 19. Qe2 f6
20. Re6 Ng7 21. Rxe7 Rde8 22. Rd7) (15... Bc5) 16. Rxe5 Qd7 17. Qg4 g6 18. Rae1
b6 19. Qe2 f6 20. Re6 Ng7 21. Re7 Rde8 22. Rxd7 Kxd7 23. Qd1 Ne6 24. Bg3 f5 25.
d5 Ng5 26. dxc6+ Kxc6 27. Rxe8 Rxe8 28. f3 (28. f3 Re4) (28. b4 Ne6) 28... Ne6
29. b4 Re7 30. Qc2 g5 31. Be5 Rg7 1-0

[Event "Polofinale MCR junioru 2013"]
[Site "Havlickuv Brod - hotel Slunce"]
[Date "2013.11.21"]
[Round "6.10"]
[White "Dobes, Vojtech"]
[Black "Cap, Adam"]
[Result "1/2-1/2"]
[WhiteElo "2116"]
[BlackElo "2075"]
[PlyCount "112"]
[EventDate "2013.11.17"]

1. e4 c6 2. d4 d5 3. Nc3 g6 4. h3 Bg7 5. Nf3 dxe4 6. Nxe4 Nd7 7. Bd3 Ngf6 8.
Nxf6+ Nxf6 9. O-O O-O 10. c3 Qc7 11. Re1 Nd5 12. Bg5 Be6 13. Qc1 Rad8 14. Bh6
Rfe8 15. c4 Nb4 16. Bxg7 Kxg7 17. Bb1 c5 18. d5 Bc8 19. a3 Na6 20. Re4 e6 21.
Qc3+ f6 22. dxe6 Rxe6 23. Bc2 Rde8 24. Nd2 b6 25. Rae1 Nb8 26. Ba4 Bd7 27. Rxe6
Rxe6 28. Rxe6 Bxe6 29. Qe3 Qe5 30. Qxe5 fxe5 31. Kf1 Kf6 32. Ke2 Ke7 33. Ke3
Nd7 34. Bxd7 Bxd7 35. h4 Bc6 36. g3 Ke6 37. Ne4 h6 38. b3 Bb7 39. Nc3 Bc6 40.
a4 a6 41. Ne4 Bb7 42. a5 Bxe4 43. Kxe4 bxa5 44. f3 a4 45. bxa4 a5 46. g4 Kd6
47. Kd3 Kd7 48. Ke3 Ke7 49. Ke4 Kd6 50. f4 exf4 51. Kxf4 Ke6 52. Ke4 Kd6 53.
Kf4 Ke6 54. h5 gxh5 55. gxh5 Kf6 56. Ke4 Ke6 1/2-1/2

[Event "Polofinale MCR junioru 2013"]
[Site "Havlickuv Brod - hotel Slunce"]
[Date "2013.11.21"]
[Round "6.11"]
[White "Stachon, Martin"]
[Black "Kaluzny, Matyas"]
[Result "0-1"]
[WhiteElo "2113"]
[BlackElo "1985"]
[PlyCount "86"]
[EventDate "2013.11.17"]

1. e4 c5 2. Nf3 Nc6 3. d4 cxd4 4. Nxd4 Nf6 5. Nc3 e5 6. Ndb5 d6 7. Bg5 a6 8.
Na3 b5 9. Nd5 Be7 10. Bxf6 Bxf6 11. c4 b4 12. Nc2 a5 13. g3 O-O 14. Bg2 Bg5 15.
O-O Ne7 16. f4 Nxd5 17. Qxd5 Be6 18. Qd3 Qb6+ 19. Qe3 Bd8 20. b3 Qxe3+ 21. Nxe3
Bb6 22. Rfe1 a4 23. Kf2 Bd4 24. Rab1 axb3 25. axb3 Ra2+ 26. Kf3 Bxe3 27. Rxe3
f5 28. Rd1 g5 29. fxg5 fxe4+ 30. Kxe4 Bf5+ 31. Kd5 Rxg2 32. c5 Bc2 33. Ra1 Rd2+
34. Kc4 d5+ 35. Kxb4 e4 36. c6 d4 37. Ree1 e3 38. Kc5 e2 39. Kd6 d3 40. c7 Rd1
41. Kd7 Rxa1 42. Rxa1 d2 43. c8=Q Bf5+ 0-1

[Event "Polofinale MCR junioru 2013"]
[Site "Havlickuv Brod - hotel Slunce"]
[Date "2013.11.21"]
[Round "6.12"]
[White "Tuma, Jan"]
[Black "Slampa, Jan"]
[Result "1/2-1/2"]
[WhiteElo "1817"]
[BlackElo "2097"]
[PlyCount "140"]
[EventDate "2013.11.17"]

1. e4 e5 2. Nf3 Nc6 3. Bb5 f5 4. Nc3 fxe4 5. Nxe4 d5 6. Nxe5 dxe4 7. Qh5+ g6 8.
Nxg6 Nf6 9. Qe5+ Kf7 10. Nxh8+ Kg7 11. Bxc6 bxc6 12. b3 Kxh8 13. Bb2 Bg7 14.
Qg5 Be6 15. O-O-O a5 16. Rde1 Qf8 17. f3 a4 18. Kb1 axb3 19. axb3 Ne8 20. Bxg7+
Nxg7 21. fxe4 c5 22. Qe5 c4 23. Rhf1 Qb8 24. Qb2 cxb3 25. cxb3 Bxb3 26. Rf3
Ba2+ 27. Kc1 Qa7 28. Ref1 Bg8 29. Rg3 c6 30. Rgf3 Rb8 31. Qc3 Qa2 32. Kd1 Rb1+
33. Ke2 Bc4+ 34. Rd3 Rxf1 35. Kxf1 Qa6 36. Ke2 Kg8 37. Ke3 Bxd3 38. Qxd3 Qxd3+
39. Kxd3 Kf7 40. Kc4 Ke6 41. d4 Kd6 42. e5+ Kd7 43. d5 cxd5+ 44. Kxd5 Nf5 45.
Ke4 Ke6 46. Kf4 Ne7 47. g3 Ng8 48. h3 Nh6 49. g4 Nf7 50. h4 Nxe5 51. g5 Nd7 52.
h5 Ke7 53. Kf5 Kf8 54. Ke6 Nc5+ 55. Kf6 Ne4+ 56. Kf5 Ng3+ 57. Kg4 Ne2 58. Kf5
Kg7 59. h6+ Kg8 60. g6 Ng3+ 61. Kg4 hxg6 62. Kxg3 Kh7 63. Kg4 Kxh6 64. Kh4 Kg7
65. Kg5 Kf7 66. Kg4 Kf6 67. Kf4 g5+ 68. Kg4 Kg6 69. Kg3 Kf5 70. Kf3 g4+ 1/2-1/2

[Event "Polofinale MCR junioru 2013"]
[Site "Havlickuv Brod - hotel Slunce"]
[Date "2013.11.21"]
[Round "6.13"]
[White "Kozusek, Daniel"]
[Black "Skalicky, Tomas"]
[Result "1/2-1/2"]
[WhiteElo "2085"]
[BlackElo "1989"]
[PlyCount "102"]
[EventDate "2013.11.17"]

1. d4 d5 2. c4 c6 3. Nc3 Nf6 4. e3 a6 5. Qc2 b5 6. b3 g6 7. Bd3 Bg7 8. Nf3 O-O
9. O-O Bb7 10. Bb2 Nbd7 11. e4 dxe4 12. Nxe4 Nxe4 13. Bxe4 Qc7 14. Rac1 Rac8
15. Bd3 Qb8 16. Rce1 Rfe8 17. Ne5 Nf6 18. c5 Rcd8 19. Qe2 Nd5 20. Qf3 Rf8 21.
Be4 Qc7 22. Bc1 Bc8 23. Qg3 Rfe8 24. f4 Bf5 25. Qf3 f6 26. Nd3 e6 27. Bxd5 exd5
28. Nf2 Re7 29. g4 Bc8 30. Rxe7 Qxe7 31. Qc3 Re8 32. Bd2 Qc7 33. Kg2 Kf7 34.
Kf3 Qe7 35. Re1 Qc7 36. Rxe8 Kxe8 37. Qd3 Kf7 38. Bc3 Bh6 39. Bd2 Bg7 40. h4
Qd7 41. Kg3 Bf8 42. h5 Bg7 43. hxg6+ hxg6 44. Kf3 Qe7 45. Qe3 Qxe3+ 46. Bxe3
Bf8 47. Nd3 Be7 48. Bf2 Bd8 49. Bh4 Bc7 50. Bg3 Ba5 51. Be1 Bc7 1/2-1/2

[Event "Polofinale MCR junioru 2013"]
[Site "Havlickuv Brod - hotel Slunce"]
[Date "2013.11.21"]
[Round "6.14"]
[White "Braun, Marek"]
[Black "Liska, Jiri"]
[Result "1-0"]
[WhiteElo "2229"]
[BlackElo "1865"]
[PlyCount "25"]
[EventDate "2013.11.17"]

1. d4 d5 2. g3 Nf6 3. Nf3 e6 4. Bg2 Be7 5. O-O O-O 6. c4 b6 7. Nc3 Bb7 8. Ne5
Nbd7 9. Qa4 Nb8 10. Rd1 c6 11. Bf4 Nbd7 12. cxd5 cxd5 13. e4 1-0

[Event "Polofinale MCR junioru 2013"]
[Site "Havlickuv Brod - hotel Slunce"]
[Date "2013.11.21"]
[Round "6.15"]
[White "Walek, Petr"]
[Black "Liduch, Filip"]
[Result "1/2-1/2"]
[WhiteElo "2099"]
[BlackElo "1856"]
[PlyCount "94"]
[EventDate "2013.11.17"]

1. e4 e5 2. Nf3 Nc6 3. Bb5 Nf6 4. O-O Nxe4 5. d4 Nd6 6. Bxc6 dxc6 7. dxe5 Nf5
8. Qxd8+ Kxd8 9. Nc3 Bd7 10. h3 Be7 11. g4 Nh4 12. Nxh4 Bxh4 13. Be3 Be7 14.
Rad1 Kc8 15. Kg2 b6 16. f4 h5 17. f5 hxg4 18. hxg4 c5 19. Nd5 Bc6 20. c4 Kb7
21. g5 Rh5 22. Rh1 Rah8 23. f6 gxf6 24. gxf6 Bd8 25. Rxh5 Rxh5 26. Bf4 Kc8 27.
Kf3 Rh3+ 28. Ke4 Rh8 29. Rg1 Be8 30. b3 a6 31. Rg7 Rf8 32. Bg3 Bd7 33. Nf4 Bc6+
34. Kf5 Bd7+ 35. Kg5 a5 36. Nd3 Be6 37. Nf2 a4 38. Ne4 axb3 39. axb3 Kd7 40.
Kf4 Kc6 41. Ng5 Kd7 42. Ke4 c6 43. Bf2 Bc7 44. Be3 Bd8 45. Rh7 Bc7 46. Nf3 Rg8
47. Bh6 Rg2 1/2-1/2

[Event "Polofinale MCR junioru 2013"]
[Site "Havlickuv Brod - hotel Slunce"]
[Date "2013.11.21"]
[Round "6.16"]
[White "Navratil, Marek"]
[Black "Pulpan, Jakub"]
[Result "0-1"]
[WhiteElo "1843"]
[BlackElo "2089"]
[PlyCount "74"]
[EventDate "2013.11.17"]

1. e4 c5 2. Nf3 Nc6 3. d4 cxd4 4. Nxd4 g6 5. c4 Nf6 6. Nc3 Nxd4 7. Qxd4 d6 8.
Be3 Bg7 9. Be2 O-O 10. Qd2 Be6 11. Rc1 Qa5 12. O-O Rfc8 13. b3 a6 14. f3 b5 15.
Nd5 Qxd2 16. Bxd2 Nxd5 17. cxd5 Bd4+ 18. Kh1 Bd7 19. g4 a5 20. Bd3 b4 21. Bc4
Ra7 22. Rfd1 Bb6 23. Kg2 Bc5 24. Rc2 a4 25. Rdc1 axb3 26. Bxb3 Rca8 27. Rb2 Bb5
28. Kg3 Bd3 29. Be1 g5 30. Rd1 Bb5 31. h4 h6 32. hxg5 hxg5 33. Bf2 Bxf2+ 34.
Rxf2 Ba4 35. Bxa4 Rxa4 36. Rdd2 Kg7 37. Rd4 Rb8 0-1

[Event "Polofinale MCR junioru 2013"]
[Site "Havlickuv Brod - hotel Slunce"]
[Date "2013.11.21"]
[Round "6.17"]
[White "Skorepa, Jakub"]
[Black "Riha, Jaroslav"]
[Result "0-1"]
[WhiteElo "1804"]
[BlackElo "2028"]
[PlyCount "58"]
[EventDate "2013.11.17"]

1. e4 c5 2. Nf3 e6 3. c4 a6 4. Nc3 d6 5. Be2 Nd7 6. O-O Ngf6 7. d4 cxd4 8. Nxd4
Be7 9. Be3 O-O 10. Qd2 Qc7 11. f3 b6 12. Rac1 Bb7 13. Rfd1 Rac8 14. Bf1 Qb8 15.
Qf2 Kh8 16. a3 Rg8 17. b4 g5 18. Nb3 g4 19. Kh1 Rg6 20. Na4 gxf3 21. gxf3 Nxe4
22. fxe4 Bxe4+ 23. Bg2 Qb7 24. Rd2 Rxg2 25. Qxg2 Bxg2+ 26. Rxg2 Rg8 27. Rcc2 b5
28. cxb5 axb5 29. Nc3 Bf6 0-1

[Event "Polofinale MCR junioru 2013"]
[Site "Havlickuv Brod - hotel Slunce"]
[Date "2013.11.21"]
[Round "6.18"]
[White "Ptacek, Tomas"]
[Black "Kopriva, Martin"]
[Result "1/2-1/2"]
[WhiteElo "2024"]
[BlackElo "1832"]
[PlyCount "162"]
[EventDate "2013.11.17"]

1. d4 Nf6 2. Nf3 e6 3. Bg5 d5 4. c4 Be7 5. Nc3 Nbd7 6. e3 O-O 7. cxd5 exd5 8.
Bd3 c6 9. O-O h6 10. Bh4 Ne4 11. Bxe7 Qxe7 12. Bxe4 dxe4 13. Nd2 Nf6 14. Qc2
Re8 15. b4 Qxb4 16. Ndxe4 Nxe4 17. Nxe4 Qe7 18. Nd2 Qg5 19. Nf3 Qd5 20. Qb3
Qxb3 21. axb3 a5 22. Ra3 Be6 23. Rfa1 b5 24. Ne5 Rec8 25. Nd3 Rc7 26. Rxa5 Rxa5
27. Rxa5 Bxb3 28. Ra8+ Kh7 29. Ra6 Bd5 30. f3 f5 31. Kf2 Kg8 32. Nc5 Kf7 33. e4
fxe4 34. fxe4 Bc4 35. Ke3 Ke7 36. Ra8 Kf7 37. Kf4 Ke7 38. Ke5 Bf7 39. Na6 Rb7
40. d5 cxd5 41. exd5 Bxd5 42. Kxd5 b4 43. Nc5 b3 44. Ra1 Rb8 45. Rb1 Rd8+ 46.
Ke4 Rd2 47. Kf3 b2 48. Na4 Rd3+ 49. Ke2 Ra3 50. Nxb2 Ra2 51. Ke3 Ke6 52. Nd3
Kf5 53. Rb2 Ra4 54. h3 Ra6 55. g3 Re6+ 56. Kf3 Ra6 57. Rb4 Kg6 58. Kg4 Ra5 59.
Nf4+ Kf6 60. Rb6+ Kf7 61. Rb7+ Kg8 62. h4 Ra4 63. Kf5 Ra5+ 64. Ke6 Ra6+ 65. Ke5
Ra5+ 66. Nd5 Ra4 67. Rb4 Ra7 68. g4 Kf7 69. Rb6 Rd7 70. h5 Ra7 71. Kf5 Rd7 72.
Nf4 Ra7 73. Ng6 Ra8 74. Ne5+ Kg8 75. Re6 Kh7 76. Nd7 Ra5+ 77. Re5 Ra8 78. Ke6
Ra4 79. Kf5 Ra8 80. Ke6 Ra4 81. Kf5 Ra8 1/2-1/2

[Event "Polofinale MCR junioru 2013"]
[Site "Havlickuv Brod - hotel Slunce"]
[Date "2013.11.21"]
[Round "6.19"]
[White "Horak, Ales"]
[Black "Cermak, Jan"]
[Result "1/2-1/2"]
[WhiteElo "1988"]
[BlackElo "1685"]
[PlyCount "98"]
[EventDate "2013.11.17"]

1. e4 c5 2. Nf3 Nc6 3. d4 cxd4 4. Nxd4 Nf6 5. Nc3 e5 6. Ndb5 d6 7. Bg5 a6 8.
Na3 b5 9. Nd5 Be7 10. Bxf6 Bxf6 11. g3 O-O 12. c3 Bg5 13. Bg2 Be6 14. O-O Ne7
15. f4 Bxd5 16. exd5 exf4 17. gxf4 Bf6 18. Nc2 a5 19. Kh1 Ng6 20. Qd3 Rb8 21.
b4 a4 22. Na3 Qd7 23. Bh3 Qb7 24. Rf3 Rfe8 25. Bf1 Nh4 26. Rh3 Qe7 27. Nxb5
Rxb5 28. Rxh4 Qe4+ 29. Qxe4 Rxe4 30. Bxb5 Bxh4 31. Bxa4 Bf6 32. Rc1 Rc4 33. Re1
g6 34. Re8+ Kg7 35. b5 Bxc3 36. b6 Rb4 37. Bc6 Rxb6 38. a3 Ra6 39. Rd8 Rxa3 40.
Rxd6 Bd2 41. f5 gxf5 42. Rd8 Rd3 43. Kg2 Bg5 44. Ra8 f4 45. Ra4 f3+ 46. Kg3 Be7
47. Rg4+ Kf8 48. Bb5 Bd6+ 49. Kf2 Rxd5 1/2-1/2

[Event "Polofinale MCR junioru 2013"]
[Site "Havlickuv Brod - hotel Slunce"]
[Date "2013.11.21"]
[Round "6.20"]
[White "Hajek, Oskar"]
[Black "Melichar, Vojtech"]
[Result "0-1"]
[WhiteElo "1920"]
[BlackElo "1939"]
[PlyCount "101"]
[EventDate "2013.11.17"]

1. e4 c5 2. Nf3 d6 3. d4 cxd4 4. Qxd4 Bd7 5. c4 Nc6 6. Qd2 Nf6 7. Nc3 g6 8. b3
Bg7 9. Bb2 O-O 10. Be2 Rc8 11. O-O Qa5 12. Rfd1 Rfe8 13. a3 Qb6 14. b4 Ng4 15.
c5 Qd8 16. h3 Nf6 17. cxd6 exd6 18. Bc4 Ne5 19. Nxe5 dxe5 20. Qe2 Qc7 21. Bb3
Bh6 22. Qf3 Bg7 23. Rac1 Qd8 24. Nb5 Rxc1 25. Bxc1 Qe7 26. Nd6 Rf8 27. Bg5 b6
28. Bxf6 Bxf6 29. Nxf7 Rxf7 30. Bxf7+ Kxf7 31. g4 Kg7 32. Qd3 Be8 33. Qa6 Qc7
34. Qd3 Qb7 35. Rc1 Bf7 36. f3 Bg5 37. Rc2 a6 38. Qd6 Qe7 39. Rc6 Be3+ 40. Kg2
Qxd6 41. Rxd6 a5 42. bxa5 bxa5 43. Ra6 Bd2 44. g5 Be8 45. Re6 Kf7 46. Rxe5 a4
47. Rc5 Bf4 48. h4 Bd7 49. Rc4 Bd6 50. Rc3 Be6 51. f4 0-1

[Event "Polofinale MCR junioru 2013"]
[Site "Havlickuv Brod - hotel Slunce"]
[Date "2013.11.21"]
[Round "6.21"]
[White "Stancik, Jakub"]
[Black "Alfimov, Igor"]
[Result "0-1"]
[WhiteElo "1849"]
[BlackElo "2008"]
[PlyCount "49"]
[EventDate "2013.11.17"]

1. e4 e5 2. Nf3 Nc6 3. d4 exd4 4. Nxd4 Bc5 5. Nf5 Qf6 6. Nc3 Nge7 7. Be3 Bb4 8.
Nxe7 Qxe7 9. Bd3 O-O 10. O-O Bxc3 11. bxc3 Ne5 12. f4 Nxd3 13. cxd3 d5 14. Qf3
dxe4 15. dxe4 Bd7 16. f5 f6 17. Qg3 Bc6 18. e5 Qxe5 19. Bf4 Qc5+ 20. Kh1 Kf7
21. Rae1 Rae8 22. Rxe8 Bxe8 23. Qe3 Qxe3 24. Bxe3 b6 25. Kg1 0-1

[Event "Polofinale MCR junioru 2013"]
[Site "Havlickuv Brod - hotel Slunce"]
[Date "2013.11.21"]
[Round "6.22"]
[White "Havelka, Jan"]
[Black "Hanl, Frantisek"]
[Result "1/2-1/2"]
[WhiteElo "1835"]
[BlackElo "1969"]
[PlyCount "59"]
[EventDate "2013.11.17"]

1. e4 c5 2. Nc3 Nc6 3. Bb5 Nd4 4. Bc4 g6 5. Nge2 Bg7 6. Nxd4 cxd4 7. Qf3 e6 8.
Nb5 d6 9. Qa3 Bf8 10. Nxd4 d5 11. Bb5+ Bd7 12. Qd3 a6 13. Bxd7+ Qxd7 14. Ne2
dxe4 15. Qxe4 Nf6 16. Qd4 Qxd4 17. Nxd4 Bg7 18. Nf3 Nd5 19. d4 Nb4 20. Kd1
O-O-O 21. c3 Nc6 22. Kc2 b5 23. Be3 Kb7 24. Rhd1 Rd7 25. Ne1 Rc8 26. Rac1 Rd5
27. Kb1 Rcd8 28. Kc2 Rc8 29. Kb1 Rcd8 30. Kc2 1/2-1/2

[Event "Polofinale MCR junioru 2013"]
[Site "Havlickuv Brod - hotel Slunce"]
[Date "2013.11.21"]
[Round "6.23"]
[White "Skorepa, Tomas"]
[Black "Chromik, Tomas"]
[Result "1/2-1/2"]
[WhiteElo "1766"]
[BlackElo "1940"]
[PlyCount "93"]
[EventDate "2013.11.17"]

1. d4 d5 2. c4 c6 3. Nc3 Nf6 4. Bg5 e6 5. e3 Nbd7 6. Nf3 Be7 7. cxd5 exd5 8.
Bd3 O-O 9. Qc2 h6 10. Bh4 Re8 11. O-O Ne4 12. Bg3 Nxg3 13. hxg3 Bd6 14. a3 Nf6
15. b4 a6 16. Rfb1 Qe7 17. Qe2 Bg4 18. Na4 Ne4 19. Qe1 Bf5 20. Nh4 Bh7 21. Nc5
f5 22. a4 g5 23. Nf3 Kh8 24. Nd2 h5 25. Ndxe4 fxe4 26. Be2 g4 27. Qc3 h4 28.
Bxg4 hxg3 29. fxg3 Bxg3 30. Rf1 Qh4 31. Bh3 Rg8 32. Qd2 Rg6 33. Kh1 Rag8 34.
Ra2 Rh6 35. Qe2 Bd6 36. Nxb7 Bb8 37. Qf2 Qxh3+ 38. gxh3 Rxh3+ 39. Qh2 Bxh2 40.
Rxh2 Rxe3 41. Nd6 Reg3 42. Nf5 Rf3 43. Rxf3 exf3 44. Ne7 Re8 45. Ng6+ Kg7 46.
Ne5 Be4 47. Kg1 1/2-1/2

[Event "Polofinale MCR junioru 2013"]
[Site "Havlickuv Brod - hotel Slunce"]
[Date "2013.11.21"]
[Round "6.24"]
[White "Babicka, Michal"]
[Black "Wagner, Vojtech"]
[Result "0-1"]
[WhiteElo "1752"]
[BlackElo "1887"]
[PlyCount "79"]
[EventDate "2013.11.17"]

1. c4 e6 2. b3 d5 3. Bb2 Nf6 4. e3 Be7 5. Ne2 O-O 6. Nbc3 c6 7. g3 b6 8. Bg2
Nbd7 9. O-O Ba6 10. d3 Rc8 11. Rc1 b5 12. cxb5 cxb5 13. Nf4 Qa5 14. a3 Bb7 15.
b4 Qb6 16. Nh5 a5 17. Nxf6+ Nxf6 18. bxa5 Qxa5 19. Qb3 Ba6 20. Ne2 h6 21. Nd4
Qa4 22. Rfd1 Bd6 23. e4 Be5 24. Qb4 Qxb4 25. axb4 dxe4 26. dxe4 Rc4 27. Rxc4
bxc4 28. f4 Bc7 29. b5 Bb7 30. Rc1 Nxe4 31. Rxc4 Bb6 32. h3 Bd5 33. Rc2 Nxg3
34. Bxd5 exd5 35. Kg2 Ne4 36. Nf5 Bc5 37. Nxh6+ gxh6 38. Kf3 f6 39. Kg4 Kh8 40.
Kf5 0-1

[Event "Polofinale MCR junioru 2013"]
[Site "Havlickuv Brod - hotel Slunce"]
[Date "2013.11.21"]
[Round "6.26"]
[White "Stuchly, Ondrej"]
[Black "Danhel, Lukas"]
[Result "0-1"]
[WhiteElo "1803"]
[BlackElo "1670"]
[PlyCount "76"]
[EventDate "2013.11.17"]

1. e4 c5 2. Nf3 Nc6 3. d4 cxd4 4. Nxd4 g6 5. c4 Bg7 6. Be3 Nf6 7. Nc3 O-O 8.
Be2 d6 9. O-O Nxd4 10. Bxd4 Bd7 11. Qd2 Bc6 12. f3 a5 13. b3 Nd7 14. Be3 Nc5
15. Rab1 Qb6 16. Rfc1 Rfc8 17. Rc2 Qd8 18. a3 h5 19. Bf1 Kh7 20. Kh1 Qh8 21.
Nd5 Bxd5 22. exd5 Nd7 23. b4 b6 24. g3 Ne5 25. Qf2 axb4 26. axb4 Ra3 27. Be2
Nd7 28. f4 Qd8 29. Bf1 Nf6 30. Bxb6 Ng4 31. Qg1 Qh8 32. Bh3 Rca8 33. Bxg4 hxg4
34. Qd1 f5 35. Re2 Bf6 36. Bf2 Ra1 37. Kg2 Kg8 38. Rxa1 Rxa1 0-1

[Event "Polofinale MCR junioru 2013"]
[Site "Havlickuv Brod - hotel Slunce"]
[Date "2013.11.21"]
[Round "6.29"]
[White "Sucharda, David"]
[Black "Gregor, Jiri"]
[Result "1-0"]
[WhiteElo "1712"]
[BlackElo "1553"]
[PlyCount "61"]
[EventDate "2013.11.17"]

1. f4 Nf6 2. b3 e6 3. Bb2 d5 4. Nf3 Be7 5. e3 O-O 6. Be2 b6 7. O-O Bb7 8. Ne5
Nbd7 9. Nxd7 Qxd7 10. g4 h6 11. Qe1 Ne4 12. d3 Nd6 13. h4 f6 14. Qg3 g5 15. Nd2
Qe8 16. fxg5 hxg5 17. hxg5 Qg6 18. gxf6 Bxf6 19. Bxf6 Rxf6 20. Rxf6 Qxf6 21. d4
Qg7 22. Bd3 Rf8 23. Kg2 e5 24. dxe5 Nf7 25. Nf3 Re8 26. Rh1 Nxe5 27. Nxe5 Rxe5
28. Qf4 Rg5 29. Bh7+ Kh8 30. Bf5+ Kg8 31. Be6+ 1-0

[Event "Polofinale MCR junioru 2013"]
[Site "Havlickuv Brod - hotel Slunce"]
[Date "2013.11.21"]
[Round "6.30"]
[White "Solc, Filip"]
[Black "Ocko, Dominik"]
[Result "1-0"]
[WhiteElo "1676"]
[BlackElo "1493"]
[PlyCount "101"]
[EventDate "2013.11.17"]

1. Nc3 e5 2. Nf3 Nc6 3. d4 exd4 4. Nxd4 Nf6 5. Bg5 Be7 6. e3 d5 7. Bb5 Qd6 8.
Bf4 Qd7 9. Qf3 O-O 10. O-O Nxd4 11. exd4 c6 12. Bd3 Re8 13. h3 Bd6 14. Bg5 Be7
15. Rfe1 Qd8 16. Re3 Be6 17. Ne2 Ne4 18. Bxe7 Rxe7 19. Bxe4 dxe4 20. Qxe4 Qb6
21. b3 Rae8 22. Qf4 h6 23. c3 Qa6 24. Qd6 Qa5 25. Re5 Qc7 26. Qxc7 Rxc7 27. Nf4
Rce7 28. Rae1 Kf8 29. Nxe6+ Rxe6 30. Rxe6 fxe6 31. f4 Kf7 32. Kf2 Kf6 33. Kf3
Rd8 34. Re5 Rd5 35. Rxd5 exd5 36. g4 g6 37. Ke3 Ke6 38. Kd3 b6 39. c4 a5 40. a4
Kd6 41. Kc3 h5 42. f5 gxf5 43. gxf5 Ke7 44. c5 bxc5 45. dxc5 Kf6 46. b4 Kxf5
47. bxa5 Ke4 48. Kd2 Kd4 49. a6 Kxc5 50. a7 Kb6 51. a8=Q 1-0

[Event "Polofinale MCR junioru 2013"]
[Site "Havlickuv Brod - hotel Slunce"]
[Date "2013.11.21"]
[Round "6.31"]
[White "Broz, Petr"]
[Black "Kriz, Vojtech"]
[Result "0-1"]
[WhiteElo "1504"]
[BlackElo "1546"]
[PlyCount "52"]
[EventDate "2013.11.17"]

1. d4 d5 2. c4 e6 3. Nc3 Nf6 4. Bg5 Be7 5. e3 O-O 6. cxd5 exd5 7. Bd3 Be6 8.
Qc2 Nbd7 9. Nge2 c5 10. Nf4 Rc8 11. Nxe6 fxe6 12. Be2 cxd4 13. exd4 Ne4 14.
Bxe7 Qxe7 15. Bf3 Ndf6 16. Qd3 Qb4 17. Qb5 Qxd4 18. Bxe4 Nxe4 19. Nxe4 Qxe4+
20. Kf1 Qc4+ 21. Qxc4 Rxc4 22. Re1 Rc2 23. Re2 Rfc8 24. g3 Rxe2 25. Kxe2 Rc2+
26. Ke3 Rxb2 0-1